[Event "SPICE Cup GMB"]
[Site "Lubbock USA"]
[Date "2010.10.28"]
[Round "1"]
[White "Rensch, Daniel"]
[Black "Ippolito, Dean"]
[Result "0-1"]
[WhiteTitle "IM"]
[BlackTitle "IM"]
[WhiteElo "2404"]
[BlackElo "2469"]
[WhiteFideId "2017202"]
[BlackFideId "2009870"]
[EventDate "2010.10.28"]

1. e4 c6 2. d4 d5 3. e5 Bf5 4. h4 h5 5. c4 e6 6. Nc3 Be7 7. cxd5 cxd5 8. Bd3
Bxd3 9. Qxd3 Nc6 10. Nf3 Rc8 11. g3 Nh6 12. Bxh6 Rxh6 13. a3 Kf8 14. O-O Rh8 15.
Rac1 g6 16. Na4 Kg7 17. Qb5 Qd7 18. Nc5 Bxc5 19. Rxc5 b6 20. Rc3 Nxe5 21. Qxd7
Nxd7 22. Rfc1 Rxc3 23. Rxc3 a5 24. Rc7 Rd8 25. Rb7 f6 26. Ne1 Kf7 27. Nd3 Ke7
28. f4 Kd6 29. Kf2 Ra8 0-1

[Event "SPICE Cup GMB"]
[Site "Lubbock USA"]
[Date "2010.10.29"]
[Round "2"]
[White "Smith, Bryan G"]
[Black "Ippolito, Dean"]
[Result "1/2-1/2"]
[WhiteTitle "IM"]
[BlackTitle "IM"]
[WhiteElo "2478"]
[BlackElo "2469"]
[WhiteFideId "2017083"]
[BlackFideId "2009870"]
[EventDate "2010.10.28"]

1. e4 c6 2. c4 d5 3. exd5 cxd5 4. cxd5 Nf6 5. Nc3 Nxd5 6. Nf3 Nxc3 7. bxc3 g6 8.
d4 Bg7 9. Bd3 O-O 10. O-O Qc7 11. Bg5 b6 12. Re1 e6 13. Qd2 Bb7 14. Bf4 Qd8 15.
Ng5 Nd7 16. Ne4 e5 17. Bg5 Qc7 18. Bb5 exd4 19. Bf4 Qd8 20. Bg5 Nf6 21. Nxf6+
Bxf6 22. Bxf6 Qxf6 23. cxd4 Rfd8 24. Rad1 Kg7 25. Bf1 Rd7 26. Re5 a6 27. Qe3 b5
28. g3 Rad8 29. Bg2 Bxg2 30. Kxg2 Qb6 31. Re4 b4 1/2-1/2

[Event "SPICE Cup GMB"]
[Site "Lubbock USA"]
[Date "2010.10.29"]
[Round "2"]
[White "Antal, Gergely"]
[Black "Rensch, Daniel"]
[Result "1-0"]
[WhiteTitle "IM"]
[BlackTitle "IM"]
[WhiteElo "2526"]
[BlackElo "2404"]
[WhiteFideId "717312"]
[BlackFideId "2017202"]
[EventDate "2010.10.28"]

1. e4 c5 2. Nf3 d6 3. c3 Nf6 4. Bd3 g6 5. Bc2 Bg7 6. O-O O-O 7. h3 Nc6 8. d4
cxd4 9. cxd4 Nb4 10. Bb3 d5 11. e5 Ne4 12. Nc3 b6 13. Re1 Bb7 14. Ng5 Rc8 15. a3
Nxc3 16. bxc3 Na6 17. Bd2 Nc7 18. Bc2 e6 19. a4 Ba6 20. Qg4 Qe7 21. h4 Rfd8 22.
h5 Rd7 23. hxg6 fxg6 24. Nxh7 Kxh7 25. Qxg6+ Kg8 26. Re3 Qf7 27. Qh7+ Kf8 28.
Bg6 1-0

[Event "SPICE Cup GMB"]
[Site "Lubbock USA"]
[Date "2010.10.29"]
[Round "2"]
[White "Bykhovsky, Anatoly"]
[Black "Yang, Darwin"]
[Result "1-0"]
[WhiteTitle "GM"]
[BlackTitle "FM"]
[WhiteElo "2497"]
[BlackElo "2402"]
[WhiteFideId "2806991"]
[BlackFideId "2029111"]
[EventDate "2010.10.28"]

1. Nf3 Nf6 2. g3 d5 3. Bg2 c6 4. O-O Bf5 5. d3 h6 6. b3 e6 7. Bb2 Be7 8. Nbd2
O-O 9. c4 Nbd7 10. Rc1 Bh7 11. Rc2 a5 12. a3 Qb6 13. Qa1 Rfe8 14. Rfc1 Bc5 15.
d4 Bf8 16. c5 Qc7 17. Rc3 Ne4 18. Nxe4 Bxe4 19. Bh3 g5 20. Nd2 Bg6 21. Re1 Bg7
22. Rcc1 f5 23. f3 e5 24. e4 fxe4 25. fxe4 dxe4 26. Nxe4 exd4 27. Bxd4 Bxe4 28.
Bxg7 Ne5 29. Bxe5 Qxe5 30. Qxe5 Rxe5 31. Re3 Ree8 32. Bd7 Re7 33. Bf5 Rae8 34.
Rce1 1-0

[Event "SPICE Cup GMB"]
[Site "Lubbock USA"]
[Date "2010.10.30"]
[Round "3"]
[White "Diamant, Andre"]
[Black "Smith, Bryan G"]
[Result "1/2-1/2"]
[WhiteTitle "GM"]
[BlackTitle "IM"]
[WhiteElo "2498"]
[BlackElo "2478"]
[WhiteFideId "2108356"]
[BlackFideId "2017083"]
[EventDate "2010.10.28"]

1. e4 c5 2. Nf3 d6 3. d4 cxd4 4. Nxd4 Nf6 5. Nc3 g6 6. Bc4 Bg7 7. h3 O-O 8. Bb3
Nc6 9. Be3 Na5 10. O-O b6 11. Nd5 e6 12. Nxf6+ Qxf6 13. c3 Bb7 14. Bc2 Nc4 15.
Bc1 d5 16. Qe2 Rac8 17. Nf3 dxe4 18. Bxe4 Bxe4 19. Qxe4 Qf5 20. Qxf5 gxf5 21.
Rb1 Rfd8 22. Re1 Rd5 23. b3 Nd6 24. c4 Rd3 25. Bb2 Ne4 26. Bxg7 Kxg7 27. Rbd1
Rcd8 28. Rxd3 Rxd3 29. Re3 Rd1+ 30. Re1 Rd3 31. Re3 Rd1+ 32. Re1 1/2-1/2

[Event "SPICE Cup GMB"]
[Site "Lubbock USA"]
[Date "2010.10.31"]
[Round "4"]
[White "Bykhovsky, Anatoly"]
[Black "Ippolito, Dean"]
[Result "1/2-1/2"]
[WhiteTitle "GM"]
[BlackTitle "IM"]
[WhiteElo "2497"]
[BlackElo "2469"]
[WhiteFideId "2806991"]
[BlackFideId "2009870"]
[EventDate "2010.10.28"]

1. d4 Nf6 2. c4 e6 3. Nf3 d5 4. Nc3 Be7 5. Bg5 h6 6. Bh4 O-O 7. e3 b6 8. Bd3 Bb7
9. O-O Nbd7 10. Qe2 c5 11. Rfd1 cxd4 12. exd4 Nh5 13. Bxe7 Qxe7 14. Nxd5 Bxd5
15. cxd5 Nf4 16. Qe4 Nxd3 17. Qxd3 exd5 18. Rac1 Rfc8 19. Qa6 Rxc1 20. Rxc1 Nf8
21. h4 Ne6 22. Rc8+ Rxc8 23. Qxc8+ Kh7 24. Qc2+ g6 25. g3 Qf6 26. Qd3 h5 27. b4
Kg7 28. Ne5 Qe7 29. Nc6 Qd7 30. b5 a6 31. a4 axb5 32. Qxb5 Nf4 33. Kf1 Qh3+ 34.
Ke1 Qh1+ 35. Kd2 Ne6 36. Qxb6 Qf3 37. a5 Qxf2+ 38. Kc1 Qe1+ 39. Kb2 Qd2+ 40. Kb1
Qd1+ 1/2-1/2

[Event "SPICE Cup GMB"]
[Site "Lubbock USA"]
[Date "2010.11.01"]
[Round "5"]
[White "Kuljasevic, Davorin"]
[Black "Smith, Bryan G"]
[Result "1/2-1/2"]
[WhiteTitle "GM"]
[BlackTitle "IM"]
[WhiteElo "2555"]
[BlackElo "2478"]
[WhiteFideId "14506661"]
[BlackFideId "2017083"]
[EventDate "2010.10.28"]

1. d4 Nf6 2. c4 e6 3. Nc3 Bb4 4. Bg5 h6 5. Bh4 g5 6. Bg3 Ne4 7. Qc2 f5 8. e3 b6
9. Ne2 Bb7 10. O-O-O Nxg3 11. hxg3 Qf6 12. e4 Bxc3 13. Nxc3 Nc6 14. Nb5 O-O-O
15. e5 Qe7 16. d5 Nxe5 17. Nxa7+ Kb8 18. Nb5 Qc5 19. Nc3 Ng4 20. Rd2 h5 21. Na4
Qa5 22. Nc3 Nf6 23. Be2 exd5 24. Qxf5 d4 25. Qxa5 bxa5 26. Rxd4 Bxg2 27. Rh2 Bc6
28. f4 Rdg8 29. a3 Rh6 30. fxg5 Rxg5 31. Rdh4 Rxg3 32. Bxh5 Nxh5 33. Rxh5 Rxh5
34. Rxh5 Rg4 35. Rxa5 1/2-1/2

[Event "SPICE Cup GMB"]
[Site "Lubbock USA"]
[Date "2010.11.01"]
[Round "5"]
[White "Yang, Darwin"]
[Black "Diamant, Andre"]
[Result "1-0"]
[WhiteTitle "FM"]
[BlackTitle "GM"]
[WhiteElo "2402"]
[BlackElo "2498"]
[WhiteFideId "2029111"]
[BlackFideId "2108356"]
[EventDate "2010.10.28"]

1. d4 Nf6 2. c4 g6 3. f3 Bg7 4. e4 d6 5. Nc3 O-O 6. Nge2 c5 7. d5 e6 8. Bg5 exd5
9. cxd5 a6 10. Qd2 h6 11. Be3 b5 12. Ng3 h5 13. Bg5 Qc7 14. Be2 Nh7 15. Bh4 f6
16. f4 Qe7 17. e5 dxe5 18. d6 Qe6 19. f5 gxf5 20. O-O Nc6 21. Nxf5 Qf7 22. Bf3
Bxf5 23. Bxc6 Be6 24. Bxa8 Rxa8 25. Ne4 c4 26. Rf2 Qa7 27. Rd1 Rf8 28. h3 Rf7
29. Qe2 f5 30. Qxh5 Rd7 31. Qe8+ Nf8 32. Nf6+ Bxf6 33. Bxf6 Rf7 34. Bxe5 Bd7 35.
Qd8 Qe3 36. Bc3 Bc6 37. Re1 Qh6 38. Re7 Qg5 39. Rxf7 1-0

[Event "SPICE Cup GMB"]
[Site "Lubbock USA"]
[Date "2010.11.01"]
[Round "5"]
[White "Rensch, Daniel"]
[Black "Krush, Irina"]
[Result "1/2-1/2"]
[WhiteTitle "IM"]
[BlackTitle "IM"]
[WhiteElo "2404"]
[BlackElo "2490"]
[WhiteFideId "2017202"]
[BlackFideId "2012782"]
[EventDate "2010.10.28"]

1. e4 c6 2. d4 d5 3. exd5 cxd5 4. Bd3 Nc6 5. c3 Qc7 6. Nf3 Bg4 7. Nbd2 e6 8. Nf1
Bh5 9. Ng3 Bg6 10. O-O Bd6 11. Re1 Nge7 12. Bg5 O-O 13. Ne5 Bxd3 14. Qxd3 Bxe5
15. dxe5 Ng6 16. Nh5 Ncxe5 17. Qh3 f5 18. Qe3 Rfe8 19. Qg3 Qf7 20. Bh6 gxh6 21.
Rxe5 f4 22. Qg4 Kh8 23. Rae1 Nxe5 24. Rxe5 Qg6 25. Qd1 Rf8 26. h3 f3 27. g4 Rac8
28. Qd4 Rc4 29. Rf5+ Kg8 30. Rxf8+ Kxf8 31. Qxa7 Qb1+ 32. Kh2 Qxb2 33. Qe3 Rxc3
34. Qxh6+ Ke7 35. Kg3 Rc2 36. Nf4 Rc6 37. Qxh7+ Kd6 38. Qf7 Qe5 39. Qxb7 Qe4 40.
g5 e5 41. Qb8+ Kc5 42. Qa7+ Kb4 43. Qb7+ Ka5 44. Nd3 Rb6 45. Qa7+ Kb5 46. a4+
Kc6 47. Qa8+ Kc7 48. a5 Rb1 49. Qa7+ Kd8 50. Qa6 Rg1+ 51. Kh2 Rg2+ 52. Kh1 Qf5
53. Qf6+ Qxf6 54. gxf6 e4 55. a6 Rg8 56. Nf4 Ke8 57. Nxd5 Kf7 58. a7 Ra8 59. Nc3
Kxf6 60. Nxe4+ Ke5 61. Ng5 Kf4 62. Ne6+ Ke5 63. Ng5 Kf4 64. Ne6+ Kf5 65. Nd4+
Ke4 66. Nb5 Kd3 67. Kg1 Kc4 68. Nd6+ Kd5 69. Nb5 Kc5 70. Nc7 Rxa7 71. Ne6+ Kc4
72. Ng5 Rg7 73. h4 Kd3 74. Kf1 Rg8 75. Nxf3 1/2-1/2

[Event "SPICE Cup GMB"]
[Site "Lubbock USA"]
[Date "2010.11.01"]
[Round "5"]
[White "Antal, Gergely"]
[Black "Bykhovsky, Anatoly"]
[Result "1/2-1/2"]
[WhiteTitle "IM"]
[BlackTitle "GM"]
[WhiteElo "2526"]
[BlackElo "2497"]
[WhiteFideId "717312"]
[BlackFideId "2806991"]
[EventDate "2010.10.28"]

1. e4 c5 2. Nf3 d6 3. d4 cxd4 4. Nxd4 Nf6 5. Nc3 Nc6 6. Bc4 e6 7. Be3 Be7 8. Qe2
Bd7 9. O-O-O Rc8 10. Nxc6 bxc6 11. g4 O-O 12. g5 Ne8 13. Rhg1 Rb8 14. Qh5 Qa5
15. Rg3 Rb4 16. Bb3 g6 17. Qh6 f5 18. gxf6 Bxf6 19. f4 Bg7 20. Qh3 Rxb3 21. cxb3
Bxc3 22. bxc3 Qxa2 23. Bd4 Nf6 24. Qh6 e5 25. Rxg6+ hxg6 26. Qxg6+ Kh8 27. Rg1
Bg4 28. Rxg4 Nxg4 29. Qh5+ Kg7 30. Qxg4+ Kh7 31. Qh5+ Kg7 32. Qg5+ Kh7 33. Qh5+
Kg7 34. Qg5+ 1/2-1/2

[Event "SPICE Cup GMB"]
[Site "Lubbock USA"]
[Date "2010.11.02"]
[Round "6"]
[White "Smith, Bryan G"]
[Black "Bykhovsky, Anatoly"]
[Result "0-1"]
[WhiteTitle "IM"]
[BlackTitle "GM"]
[WhiteElo "2478"]
[BlackElo "2497"]
[WhiteFideId "2017083"]
[BlackFideId "2806991"]
[EventDate "2010.10.28"]

1. e4 c5 2. Nf3 Nc6 3. Bb5 g6 4. Bxc6 dxc6 5. d3 Bg7 6. h3 Nf6 7. Nc3 O-O 8. Be3
b6 9. Qd2 e5 10. Bh6 Qd6 11. O-O Re8 12. Bxg7 Kxg7 13. b3 Nh5 14. Ne2 f6 15. g4
Nf4 16. Nxf4 exf4 17. Rfe1 h5 18. gxh5 Bxh3 19. hxg6 Kxg6 20. e5 fxe5 21. Qc3
Kf5 22. Nh4+ Kg4 23. Ng2 Qh6 24. Rxe5 Bxg2 25. Kxg2 Qh3+ 26. Kg1 Rg8 0-1

[Event "SPICE Cup GMB"]
[Site "Lubbock USA"]
[Date "2010.11.02"]
[Round "6"]
[White "Krush, Irina"]
[Black "Ippolito, Dean"]
[Result "1/2-1/2"]
[WhiteTitle "IM"]
[BlackTitle "IM"]
[WhiteElo "2490"]
[BlackElo "2469"]
[WhiteFideId "2012782"]
[BlackFideId "2009870"]
[EventDate "2010.10.28"]

1. d4 Nf6 2. c4 e6 3. Nc3 c5 4. d5 exd5 5. cxd5 d6 6. Nf3 g6 7. Bf4 Bg7 8. Qa4+
Bd7 9. Qb3 Qc7 10. h3 O-O 11. e3 Rc8 12. Nd2 Na6 13. Be2 Rab8 14. O-O b5 15. Qd1
c4 16. a4 Nb4 17. Nxb5 Bxb5 18. axb5 Nfxd5 19. Nxc4 Nxf4 20. exf4 d5 21. Ra4
dxc4 22. Rxb4 Qxf4 23. b3 Rd8 24. Rxc4 Qe5 25. Qc2 Qxb5 26. Rc7 Qxb3 27. Qxb3
Rxb3 28. Bc4 Ra3 29. Rxf7 Kh8 30. Rb1 Rf8 31. Rd7 Ra1 32. Rxa1 Bxa1 33. Rxa7 Bd4
34. Ra2 Rc8 35. Bd3 Rb8 36. Bc2 Rb2 37. Ra8+ Kg7 38. Rc8 Kf6 39. g3 Ke5 40. Kg2
g5 41. Kf3 h5 42. Ke2 h4 43. Kf3 Ra2 44. Re8+ Kf6 45. Re2 hxg3 46. fxg3 Be5 47.
Kg4 Ra3 48. Rf2+ Kg7 49. Rg2 Rxg3+ 50. Rxg3 Bxg3 51. Kxg3 1/2-1/2

[Event "SPICE Cup GMB"]
[Site "Lubbock USA"]
[Date "2010.11.02"]
[Round "6"]
[White "Diamant, Andre"]
[Black "Rensch, Daniel"]
[Result "1/2-1/2"]
[WhiteTitle "GM"]
[BlackTitle "IM"]
[WhiteElo "2498"]
[BlackElo "2404"]
[WhiteFideId "2108356"]
[BlackFideId "2017202"]
[EventDate "2010.10.28"]

1. e4 c5 2. Nf3 d6 3. d4 cxd4 4. Nxd4 Nf6 5. Nc3 a6 6. g3 e5 7. Nb3 Be6 8. Bg2
Nbd7 9. O-O Rc8 10. f4 Be7 11. Nd5 Bxd5 12. exd5 O-O 13. Kh1 Qc7 14. c3 Rfe8 15.
Be3 Bf8 16. Bg1 Qc4 17. Nd2 Qd3 18. fxe5 Rxe5 19. Nb3 Qg6 20. Bd4 Rh5 21. Bf3
Rf5 22. Bg2 Re8 23. Rxf5 Qxf5 24. Qd2 Qh5 25. Re1 Ng4 26. h3 Nge5 27. Qd1 Qxd1
28. Rxd1 Nc4 29. Nd2 Nxb2 30. Rb1 Nd3 31. Rxb7 N7c5 32. Rb1 Re2 33. Nc4 f5 34.
Rb6 Ne4 35. Bxe4 fxe4 36. Nxd6 Bxd6 37. Rxd6 Ne1 38. Kg1 Nf3+ 39. Kf1 Rxa2 40.
Be3 Kf7 41. Rb6 Ra3 42. Rb7+ Kg6 43. d6 Rxc3 44. d7 Rd3 45. Bb6 Rd2 1/2-1/2

[Event "SPICE Cup GMB"]
[Site "Lubbock USA"]
[Date "2010.11.02"]
[Round "6"]
[White "Kuljasevic, Davorin"]
[Black "Yang, Darwin"]
[Result "1-0"]
[WhiteTitle "GM"]
[BlackTitle "FM"]
[WhiteElo "2555"]
[BlackElo "2402"]
[WhiteFideId "14506661"]
[BlackFideId "2029111"]
[EventDate "2010.10.28"]

1. Nf3 Nf6 2. g3 d5 3. Bg2 c6 4. O-O Bf5 5. c4 e6 6. cxd5 exd5 7. d3 Be7 8. Nc3
O-O 9. Qc2 d4 10. Ne4 Na6 11. a3 Re8 12. b4 Nxe4 13. dxe4 Bg6 14. Bb2 Bf6 15.
Nxd4 Bxd4 16. Rad1 Bxf2+ 17. Rxf2 Qe7 18. Qc3 f6 19. e5 fxe5 20. b5 cxb5 21.
Qb3+ Kh8 22. Qxb5 Nc7 23. Qa4 b5 24. Qa5 e4 25. Bh3 Rad8 26. Rxd8 Rxd8 27. Qxa7
e3 28. Rf1 Bh5 29. Rc1 Bxe2 30. Qxc7 Qxc7 31. Rxc7 Rd1+ 32. Kg2 Bf1+ 33. Kf3
Bxh3 34. Rxg7 Rd2 35. Bc3 Rd3 36. Be5 1-0

[Event "SPICE Cup GMB"]
[Site "Lubbock USA"]
[Date "2010.11.03"]
[Round "7"]
[White "Rensch, Daniel"]
[Black "Kuljasevic, Davorin"]
[Result "0-1"]
[WhiteTitle "IM"]
[BlackTitle "GM"]
[WhiteElo "2404"]
[BlackElo "2555"]
[WhiteFideId "2017202"]
[BlackFideId "14506661"]
[EventDate "2010.10.28"]

1. e4 e6 2. d4 d5 3. Nc3 Nf6 4. Bg5 Bb4 5. e5 h6 6. Be3 Ne4 7. Ne2 c5 8. dxc5
Nd7 9. f4 O-O 10. a3 Bxc3+ 11. Nxc3 Nxc3 12. bxc3 Qc7 13. Qd4 b6 14. cxb6 axb6
15. c4 Ra4 16. Qb2 dxc4 17. Qb5 Ra5 18. Qxc4 Nc5 19. Qc3 Rd8 20. Rd1 Rxd1+ 21.
Kxd1 Qa7 22. Bc1 Qa8 23. Be2 Bb7 24. Bf3 Ra4 25. Re1 Bxf3+ 26. gxf3 Qd5+ 27. Ke2
Rc4 28. Qd2 Rd4 29. Qc3 Rc4 30. Qd2 Qc6 31. c3 Na4 32. Qd8+ Kh7 33. Qd3+ Kg8 34.
Bd2 Nxc3+ 35. Kf2 Nd5 36. f5 Qc5+ 37. Kg3 Rd4 38. Qe2 Qc2 39. Be3 Nxe3 40. Qxe3
Rd2 41. Qe4 Rg2+ 42. Kf4 Qd2+ 43. Qe3 Qd8 44. Qc3 Qg5+ 45. Ke4 Qxf5+ 46. Ke3
Rxh2 47. Qd4 Qg5+ 48. Qf4 Qg2 0-1

[Event "SPICE Cup GMB"]
[Site "Lubbock USA"]
[Date "2010.11.03"]
[Round "7"]
[White "Ippolito, Dean"]
[Black "Diamant, Andre"]
[Result "1-0"]
[WhiteTitle "IM"]
[BlackTitle "GM"]
[WhiteElo "2469"]
[BlackElo "2498"]
[WhiteFideId "2009870"]
[BlackFideId "2108356"]
[EventDate "2010.10.28"]

1. d4 Nf6 2. c4 g6 3. Nf3 Bg7 4. g3 d5 5. cxd5 Nxd5 6. Bg2 O-O 7. O-O Nb6 8. Nc3
Nc6 9. d5 Na5 10. Qc2 c6 11. dxc6 Nxc6 12. Rd1 Qc7 13. Nb5 Qb8 14. Bf4 e5 15.
Be3 Bf5 16. Qc5 Nd7 17. Qd6 Rd8 18. Qxb8 Raxb8 19. Nxa7 Nb4 20. Ne1 e4 21. Nb5
Ne5 22. Nd6 Bg4 23. Rd2 f5 24. f3 exf3 25. exf3 Bh5 26. f4 Nf7 27. Nxb7 Rxd2 28.
Bxd2 Bxb2 29. Rb1 Bd4+ 30. Kf1 Re8 31. Nf3 Bxf3 32. Bxf3 Nxa2 33. Bd5 Nc3 34.
Bxc3 Bxc3 35. Nd6 Re7 36. Nxf7 Rd7 37. Bc4 1-0

[Event "SPICE Cup GMB"]
[Site "Lubbock USA"]
[Date "2010.11.04"]
[Round "8"]
[White "Krush, Irina"]
[Black "Bykhovsky, Anatoly"]
[Result "1/2-1/2"]
[WhiteTitle "IM"]
[BlackTitle "GM"]
[WhiteElo "2490"]
[BlackElo "2497"]
[WhiteFideId "2012782"]
[BlackFideId "2806991"]
[EventDate "2010.10.28"]

1. d4 Nf6 2. c4 g6 3. Nc3 d5 4. cxd5 Nxd5 5. Na4 Bg7 6. e4 Nb6 7. Be3 O-O 8. Nf3
Bg4 9. Nc5 Nc6 10. Nxb7 Qb8 11. Ba6 Nb4 12. Nc5 Bxf3 13. gxf3 Rd8 14. O-O Nxa6
15. Nxa6 Qc8 16. Qe2 Bxd4 17. Rac1 Qh3 18. Rfd1 Be5 19. f4 Bxb2 20. Rxd8+ Rxd8
21. Qxb2 Qg4+ 22. Kf1 Rd1+ 23. Rxd1 Qxd1+ 24. Kg2 Qg4+ 25. Kf1 1/2-1/2

[Event "SPICE Cup GMB"]
[Site "Lubbock USA"]
[Date "2010.11.04"]
[Round "8"]
[White "Kuljasevic, Davorin"]
[Black "Ippolito, Dean"]
[Result "1/2-1/2"]
[WhiteTitle "GM"]
[BlackTitle "IM"]
[WhiteElo "2555"]
[BlackElo "2469"]
[WhiteFideId "14506661"]
[BlackFideId "2009870"]
[EventDate "2010.10.28"]

1. d4 Nf6 2. c4 g6 3. Nc3 Bg7 4. e4 d6 5. Nf3 O-O 6. h3 e5 7. d5 a5 8. Bg5 Na6
9. g4 Nc5 10. Nd2 Bd7 11. Rg1 c6 12. Qf3 a4 13. Rb1 Kh8 14. h4 h6 15. Be3 h5 16.
g5 Ng8 17. Qd1 cxd5 18. cxd5 f5 19. Be2 Qe8 20. Nc4 Nxe4 21. Nxe4 fxe4 22. Nxd6
Qe7 23. Bc5 e3 24. fxe3 e4 25. Bxh5 Ra6 26. Bxg6 Rxd6 27. Qh5+ Nh6 28. gxh6 Bf6
29. Rd1 a3 30. Bxa3 Ba4 31. Rg4 Qc7 32. Rf4 Bxd1 33. Qxd1 Bxh4+ 34. Rxh4 Rxg6
35. Qd4+ Kh7 36. Qg7+ Rxg7 37. hxg7+ Kxg7 38. Rg4+ Kf7 39. Rf4+ Qxf4 40. exf4
Rd8 41. Ke2 Kf6 42. Ke3 Kf5 43. d6 Rh8 44. Kd4 Rh3 45. Kc5 Ke6 46. Kd4 1/2-1/2

[Event "SPICE Cup GMB"]
[Site "Lubbock USA"]
[Date "2010.11.04"]
[Round "8"]
[White "Yang, Darwin"]
[Black "Rensch, Daniel"]
[Result "1/2-1/2"]
[WhiteTitle "FM"]
[BlackTitle "IM"]
[WhiteElo "2402"]
[BlackElo "2404"]
[WhiteFideId "2029111"]
[BlackFideId "2017202"]
[EventDate "2010.10.28"]

1. d4 Nf6 2. c4 e6 3. Nc3 Bb4 4. e3 O-O 5. Bd3 c5 6. Nf3 Nc6 7. O-O Bxc3 8. bxc3
d6 9. Nd2 b6 10. Rb1 Re8 11. Qc2 h6 12. Rd1 e5 13. d5 Ne7 14. f3 Bd7 15. Nf1 e4
16. fxe4 Ng6 17. Ng3 Ng4 18. h3 N4e5 19. Bf1 Nh4 20. Qf2 Qg5 21. Rb2 Bc8 22. Qf4
Ba6 23. Nf5 Nxf5 24. exf5 Nxc4 25. Qxg5 hxg5 26. Rf2 f6 27. Bd3 Rab8 28. e4 b5
29. Bxc4 bxc4 30. Re1 Rb1 31. Rfe2 Bb5 32. h4 gxh4 33. Bf4 Rxe1+ 34. Rxe1 Rd8
35. Kh2 Ba4 36. Re2 Bd1 37. Rd2 Bg4 38. Rb2 Rd7 39. Rb8+ Kf7 40. Rh8 Be2 41.
Rxh4 Bd3 42. Bg3 a5 43. Kg1 a4 44. a3 Ke7 45. Rg4 Kf8 46. Kf2 Kf7 47. Ke3 Bb1
48. Rh4 Rd8 49. Bh2 1/2-1/2

[Event "SPICE Cup GMB"]
[Site "Lubbock USA"]
[Date "2010.11.05"]
[Round "9"]
[White "Ippolito, Dean"]
[Black "Yang, Darwin"]
[Result "1/2-1/2"]
[WhiteTitle "IM"]
[BlackTitle "FM"]
[WhiteElo "2469"]
[BlackElo "2402"]
[WhiteFideId "2009870"]
[BlackFideId "2029111"]
[EventDate "2010.10.28"]

1. d4 Nf6 2. c4 e6 3. g3 Bb4+ 4. Bd2 Qe7 5. Nf3 O-O 6. Nc3 b6 7. Bg2 Bb7 8. O-O
d6 9. d5 e5 10. Qc2 Bxc3 11. Bxc3 a5 12. Nh4 Bc8 13. h3 Nh5 14. Nf5 Bxf5 15.
Qxf5 g6 16. Qc2 f5 17. e3 Nd7 18. Kh2 Qg5 19. Bf3 Ndf6 20. Rg1 Rf7 21. Rae1 Raf8
22. Bd1 e4 23. Rg2 Ng7 24. Bd2 Nd7 25. Be2 Qe7 26. a3 Ne5 1/2-1/2

[Event "SPICE Cup GMB"]
[Site "Lubbock USA"]
[Date "2010.11.05"]
[Round "9"]
[White "Rensch, Daniel"]
[Black "Smith, Bryan G"]
[Result "0-1"]
[WhiteTitle "IM"]
[BlackTitle "IM"]
[WhiteElo "2404"]
[BlackElo "2478"]
[WhiteFideId "2017202"]
[BlackFideId "2017083"]
[EventDate "2010.10.28"]

1. e4 c5 2. Nf3 d6 3. d4 cxd4 4. Nxd4 Nf6 5. Nc3 a6 6. Be3 e5 7. Nb3 Be6 8. f3
Be7 9. Qd2 O-O 10. O-O-O a5 11. Qe1 Qc8 12. a4 Nc6 13. g4 Nb4 14. Kb1 d5 15. g5
Nh5 16. exd5 Bf5 17. Rd2 Rd8 18. Qd1 Bg6 19. Rg1 Qf5 20. h4 Nf4 21. Bxf4 Qxf4
22. Rg4 Qe3 23. Bb5 Rac8 24. Qe2 Rxc3 25. bxc3 Qxc3 26. Qc4 Qxf3 27. d6 Rxd6 28.
Rgg2 Nxc2 29. Kb2 Ne3 30. Qc8+ Bf8 31. Rxd6 Qxg2+ 32. Nd2 Nd5 33. Kc1 Qg1+ 34.
Nf1 Nb6 35. Rd5 0-1

[Event "SPICE Cup GMB"]
[Site "Lubbock USA"]
[Date "2010.11.05"]
[Round "9"]
[White "Antal, Gergely"]
[Black "Kuljasevic, Davorin"]
[Result "1-0"]
[WhiteTitle "IM"]
[BlackTitle "GM"]
[WhiteElo "2526"]
[BlackElo "2555"]
[WhiteFideId "717312"]
[BlackFideId "14506661"]
[EventDate "2010.10.28"]

1. e4 e6 2. d4 d5 3. Nd2 c5 4. Ngf3 cxd4 5. exd5 Qxd5 6. Bc4 Qd6 7. O-O Nf6 8.
Nb3 Nc6 9. Nbxd4 Nxd4 10. Nxd4 a6 11. Re1 Qc7 12. Bd3 Bd7 13. Qf3 O-O-O 14. Bg5
Bd6 15. h3 Be5 16. c3 h6 17. Be3 Rhf8 18. b4 Nd5 19. b5 a5 20. b6 Qd6 21. Be4
Ba4 22. Bd2 Rd7 23. Rab1 Nf6 24. Bd3 Bxd4 25. cxd4 Bc6 26. Rec1 Qd5 27. Rxc6+
bxc6 28. b7+ Kb8 29. Bf4+ Rc7 30. Bxc7+ Kxc7 31. Qg3+ e5 32. dxe5 1-0